| 000 | 00966cad a22001935a 4500 | ||
|---|---|---|---|
| 001 | E152721 | ||
| 008 | 110418s2008 xxk f 000 0 eng d | ||
| 020 | _a0955654206 | ||
| 035 | _a(Sirsi) u152721 | ||
| 041 | 0 | _aeng | |
| 110 | 2 |
_aChangeworks _95935 |
|
| 245 | 0 | 0 |
_aEnergy heritage _ba guide to improving energy efficiency in traditional and historic homes _h[electronic resource] |
| 260 |
_aEdinburgh _bChangeworks _c2008 |
||
| 520 | _aDiscusses statutory and other restrictions on works which can be carried out to historic buildings and looks at measures which can be implemented to improve their energy efficiency. Includes a case study of a historic tenement building in Edinburgh. | ||
| 651 | 4 |
_aScotland _y1999- |
|
| 690 | _aENVIRONMENTAL AND LAND CONSULTANCY-ENERGY-ENERGY USE-ENERGY EFFICIENCY | ||
| 856 | 4 | 0 |
_uhttps://www.changeworks.org.uk/uploads/83096-EnergyHeritage_online1.pdf _zView the report free of charge at www.changeworks.org.uk |
| 942 | _n0 | ||
| 999 |
_c112182 _d112182 |
||